New economic policy and self employment schemes: a case study (Record no. 495288)

000 -LEADER
fixed length control field 00462cam a22001577a 4500
008 - FIXED-LENGTH DATA ELEMENTS--GENERAL INFORMATION
fixed length control field 180718b2004 xxu||||| |||| 00| 0 eng d
020 ## - INTERNATIONAL STANDARD BOOK NUMBER
International Standard Book Number 8126120320
082 ## - DEWEY DECIMAL CLASSIFICATION NUMBER
Classification number O91 C421
100 ## - MAIN ENTRY--PERSONAL NAME
Personal name Chennappa, D.
245 ## - TITLE STATEMENT
Title New economic policy and self employment schemes: a case study
Statement of responsibility, etc. by D. Chennappa
260 ## - PUBLICATION, DISTRIBUTION, ETC.
Place of publication, distribution, etc. Delhi
Name of publisher, distributor, etc. Anmol
Date of publication, distribution, etc. 2004
300 ## - PHYSICAL DESCRIPTION
Extent 172p.
650 ## - SUBJECT ADDED ENTRY--TOPICAL TERM
Topical term or geographic name entry element Economic surveys
650 ## - SUBJECT ADDED ENTRY--TOPICAL TERM
Topical term or geographic name entry element Self-employeds
650 ## - SUBJECT ADDED ENTRY--TOPICAL TERM
Topical term or geographic name entry element Youth --Employment --Government policy
Holdings
Withdrawn status Lost status Damaged status Not for loan Permanent Location Current Location Date acquired Full call number Barcode Date last seen Price effective from Koha item type
        Indian Institute of Public Administration Indian Institute of Public Administration 2018-08-04 O91 C421 GR18199 2018-08-04 2018-08-04 GR

Powered by Koha